[Event "Titled Tuesday intern op 08th Aug Early"]
[Site "Chess.com INT"]
[Date "2023.08.08"]
[Round "5"]
[White "Kukreja, Sankalp"]
[Black "Toropov, Pavel"]
[Result "0-1"]
[WhiteElo "2158"]
[BlackElo "2336"]
[PlyCount "140"]
[EventDate "2023.08.08"]
[EventType "swiss (blitz)"]
[EventRounds "11"]
[EventCountry "USA"]
[SourceTitle "EXT 2024"]
[Source "ChessBase"]
[SourceDate "2023.10.10"]
[SourceVersion "1"]
[SourceVersionDate "2023.10.10"]
[SourceQuality "1"]

1. e4 e6 2. d4 d5 3. Nc3 dxe4 4. Nxe4 Nd7 5. Nf3 Ngf6 6. Bd3 Nxe4 7. Bxe4 Nf6 8. Bg5 Be7 9. Bxf6 Bxf6 10. 0-0 0-0 11. Qe2 c5 12. c3 Qb6 13. Rad1 cxd4 14. cxd4 Bd7 15. Ne5 Bb5 16. Bd3 Bxd3 17. Rxd3 Rfd8 18. Rfd1 Rd5 19. Nc4 Qa6 20. b3 Rad8 21. Qe4 Qxa2 22. Ne3 R5d7 23. d5 Qa6 24. R3d2 Bg5 25. Rd4 Bxe3 26. fxe3 exd5 27. Rxd5 Rxd5 28. Rxd5 Qa1+ 29. Kf2 Qf6+ 30. Kg3 Rc8 31. Rf5 Qg6+ 32. Kf3 h6 33. Re5 Qxe4+ 34. Rxe4 Kf8 35. Rd4 Rc7 36. Ke4 Ke7 37. Rd2 Rd7 38. Rc2 Kd8 39. Kf3 Rd6 40. Ke4 Kd7 41. g3 Rc6 42. Rd2+ Kc7 43. Rf2 f6 44. Kf5 Rc3 45. Kg6 Rxb3 46. Kxg7 a5 47. Kxf6 Rxe3 48. Kg6 Re6+ 49. Kf5 Ra6 50. g4 a4 51. h4 a3 52. Ra2 b5 53. g5 hxg5 54. hxg5 b4 55. g6 Kb6 56. g7 Ra8 57. Kg6 Kb5 58. Kh7 Ra7 59. Kh8 Rxg7 60. Kxg7 Ka4 61. Kf6 b3 62. Rh2 b2 63. Rh4+ Kb3 64. Rh3+ Kb4 65. Rh4+ Kc5 66. Rh5+ Kd4 67. Rh4+ Kd5 68. Rh5+ Kd6 69. Rb5 a2 70. Rb6+ Kc5 0-1

[Event "Titled Tuesday intern op 11th Jul Early"]
[Site "Chess.com INT"]
[Date "2023.07.11"]
[Round "4"]
[White "Grigoryan, Meri"]
[Black "Kukreja, Sankalp"]
[Result "0-1"]
[WhiteElo "1961"]
[BlackElo "2158"]
[PlyCount "48"]
[EventDate "2023.07.11"]
[EventType "swiss (blitz)"]
[EventRounds "11"]
[EventCountry "USA"]
[SourceTitle "EXT 2024"]
[Source "ChessBase"]
[SourceDate "2023.10.10"]
[SourceVersion "1"]
[SourceVersionDate "2023.10.10"]
[SourceQuality "1"]

1. d4 d5 2. Nf3 Nf6 3. Bf4 Bf5 4. c3 e6 5. e3 Bd6 6. Bd3 Bxf4 7. exf4 Bxd3 8. Qxd3 0-0 9. Nbd2 Nbd7 10. Ne5 c5 11. 0-0 Rc8 12. Rac1 Qb6 13. b3 Qa5 14. c4 Rfd8 15. cxd5 Nxd5 16. Ndc4 Qc7 17. dxc5 Nxc5 18. Qg3 Ne4 19. Qh4 b5 20. f3 Nec3 21. Rfe1 bxc4 22. bxc4 Qb6+ 23. Kh1 Nxa2 24. Rcd1 Nf6 0-1